Jaka to melodia? #3: Lata 80-te - Statystyki

Ogólne statystyki
  • Ten quiz został rozwiązany 78 razy
  • Średni wynik to 4 z 20
Statystyki odpowiedzi
Wykonawca: Wskazówka: Tytuł: % Poprawnych
Lady Pank U "Maxima" w Gdyni Tańcz głupia tańcz
68%
Maanam Czekanie na wiatr Krakowski spleen
58%
Małgorzata Ostrowska Na lądzie i pod wodą Meluzyna
55%
Maryla Rodowicz Stosunki służbowe Szparka sekretarka
43%
Krystyna Prońko Balsam dla duszy kobiety Jesteś lekiem na całe zło
35%
Rezerwat Prośba wbrew sobie Zaopiekuj się mną
35%
Pod Budą Apel do włodarzy Nie przenoście nam stolicy do Krakowa
17%
Dżem On się już nie zmieni Autsajder
13%
Zbigniew Wodecki Tak nie czaruje nikt Opowiadaj mi tak
12%
Universe Dla Ciebie mogę wszystko W perły zmienić deszcz
10%
Perfect Pojazd na kryzysowe czasy Lokomotywa z ogłoszenia
8%
Kult W Kutnie i Sopocie Mieszkam w Polsce
7%
Monika Borys Deklaracja niepodległości Nie masz prawa
7%
Oddział Zamknięty Całkowity zawrót głowy Andzia i ja
5%
Bank Ludzkie gadanie Ciągle ktoś mówi coś
3%
Lombard Jak grom z nieba Diamentowa kula
3%
Kapitan Nemo Prowadzi do zguby Twoja Lorelei
3%
Bolter Jeszcze nie dziś Zaczekaj z tym do jutra
3%
Klincz Czas odwilży Jak lodu bryła
2%
Urszula Toast dla przyjaciółki Za Twoje zdrowie mała
2%
Nie znaleziono quizów pasujących do podanych kryteriów
Rozkład punktacji
Procent ludzi z każdym wynikiem
Percentyl według liczby udzielonych odpowiedzi
Twoja historia wyników
Nie rozwiązałeś tego quizu